000
00392 a2200133 4500
003
OSt
005
20260213160851.0
008
260206b |||||||| |||| 00| 0 eng d
100
_a
गोखले अ.
245
_a
अक्षरबोध
260
_b
भारतीय विचार साधना प्रकाशन
_a
पुणे
_c
2019
300
_a
87pp.
942
_c
BK
_2
ddc
999
_c
370056
_d
370056